Swadesi Enterprise In Bengal (Record no. 49374)
[ view plain ]
| 000 -LEADER | |
|---|---|
| fixed length control field | 003750000a22001570004500 |
| 001 - CONTROL NUMBER | |
| control field | 000067 |
| 003 - CONTROL NUMBER IDENTIFIER | |
| control field | MACL |
| 040 ## - CATALOGING SOURCE | |
| Original cataloging agency | MACL |
| 090 ## - LOCALLY ASSIGNED LC-TYPE CALL NUMBER (OCLC); LOCAL CALL NUMBER (RLIN) | |
| -- | 67 |
| -- | 67 |
| 100 ## - MAIN ENTRY--PERSONAL NAME | |
| Personal name | Bhattacharya, Amit |
| 245 ## - TITLE STATEMENT | |
| Title | Swadesi Enterprise In Bengal |
| Remainder of title | The Beginning 1900-1920 |
| Statement of responsibility, etc. | Amit Bhattacharya |
| 260 ## - PUBLICATION, DISTRIBUTION, ETC. (IMPRINT) | |
| Place of publication, distribution, etc. | Bookland, |
| Date of publication, distribution, etc. | 1994 |
| 350 ## - PRICE (NR) (BK AM CF MU VM SE) [OBSOLETE] | |
| Price | 250 |
| 650 ## - SUBJECT ADDED ENTRY--TOPICAL TERM | |
| Topical term or geographic name as entry element | Geography and History |
| 942 ## - ADDED ENTRY ELEMENTS (KOHA) | |
| Call number prefix | 955 |
| Koha item type | Library Membar |
No items available.









